240 Capitales Très Difficiles Reverse - Statistiques

Statistiques générales
  • Ce quiz a été pris 21 fois
  • Le résultat moyen est 17 sur 50
Statistiques - réponses
Hint Réponse % Correct
Caracas Venezuela
90%
Erevan Arménie
80%
Naypyidaw Myanmar (Birmanie)
75%
Mascate Oman
75%
Thimphou Bhoutan
70%
Conakry Guinée
70%
Nouakchott Mauritanie
70%
Kigali Rwanda
70%
Khartoum Soudan
70%
Manama Bahreïn
65%
Praia Cap-Vert
65%
Windhoek Namibie
65%
Tachkent Ouzbékistan
65%
Victoria Seychelles
65%
Bandar Seri Begawan Brunei
60%
Kampala Ouganda
60%
Lusaka Zambie
60%
Asmara Érythrée
55%
Saint George’s Grenade
55%
Apia Samoa
55%
Maseru Lesotho
50%
Port Moresby Papouasie-Nouvelle-Guinée
50%
Ngerulmud Palaos
45%
Delap-Uliga-Darrit (Majuro) Îles Marshall
40%
Honiara Îles Salomon
40%
San Juan Porto Rico
25%
Laâyoune Sahara occidental
25%
Willemstad Curaçao
20%
Saint-Pierre Saint-Pierre-et-Miquelon
20%
Tórshavn Îles Féroé
15%
Basseterre Saint-Kitts-et-Nevis
15%
Plymouth (officielle) / Brades (temporaire) Montserrat
10%
Adamstown Pitcairn
10%
Gustavia Saint-Barthélemy
10%
Avarua Îles Cook
5%
Saipan Îles Mariannes du Nord
5%
Mata-Utu Wallis-et-Futuna
5%
The Valley Anguilla
0%
King Edward Point Géorgie du Sud-et-les Îles Sandwich du Sud
0%
Hagåtña Guam
0%
Flying Fish Cove Île Christmas
0%
Douglas Île de Man
0%
George Town Îles Caïmans
0%
West Island Îles Cocos (Keeling)
0%
Stanley Îles Falkland (Malvinas)
0%
Cockburn Town Îles Turques-et-Caïques
0%
Philipsburg Sint Maarten (partie néerlandaise)
0%
Longyearbyen Svalbard et Jan Mayen
0%
Saint Paul (la Réunion) Terres Australes et Antarctiques Française (TAAF)
0%
Aucune, les 3 atolls qui se gèrent elles même Tokelau
0%
Aucun quiz correspondant
Distribution des résultats
% des personnes avec chaque résultat
Percentile par nombre de réponses
Votre historique - résultats
Vous n’avez pas pris ce quiz